Marine, offshore and coastal (Record no. 108030)

MARC details
000 -LEADER
fixed length control field 01133cad a22002415a 4500
001 - CONTROL NUMBER
control field L142970
008 - FIXED-LENGTH DATA ELEMENTS--GENERAL INFORMATION
fixed length control field 080327e20080225xxk f 000 0 eng d
035 ## - SYSTEM CONTROL NUMBER
System control number (Sirsi) u142970
041 0# - LANGUAGE CODE
Language code of text/sound track or separate title eng
050 04 - LIBRARY OF CONGRESS CALL NUMBER
Classification number 526.9 $2 18
110 2# - MAIN ENTRY--CORPORATE NAME
Corporate name or jurisdiction name as entry element Royal Institution of Chartered Surveyors
9 (RLIN) 4900
245 00 - TITLE STATEMENT
Title Marine, offshore and coastal
Remainder of title an RICS perspective
Medium [electronic resource]
260 ## - PUBLICATION, DISTRIBUTION, ETC.
Place of publication, distribution, etc. London
Name of publisher, distributor, etc. RICS
Date of publication, distribution, etc. 2008
300 ## - PHYSICAL DESCRIPTION
Extent [4]p.
Other physical details col.
Dimensions 21cm.
520 ## - SUMMARY, ETC.
Summary, etc. Focuses on RICS involvement in the marine, offshore and coastal areas of surveying practice. Contains information about RICS routes to membership, education, what members can expect from their faculties. Explains the position of marine professionals within the RICS. Details how RICS membership can assist both members and their businesses.
521 2# - TARGET AUDIENCE NOTE
Target audience note Advanced
590 ## - LOCAL NOTE (RLIN)
Local note KA
651 #4 - SUBJECT ADDED ENTRY--GEOGRAPHIC NAME
Geographic name United Kingdom
Chronological subdivision
690 ## - LOCAL SUBJECT ADDED ENTRY--TOPICAL TERM (OCLC, RLIN)
Topical term or geographic name as entry element PROPERTY-RURAL AND NATURAL ASSETS-MARINE RESOURCES
690 ## - LOCAL SUBJECT ADDED ENTRY--TOPICAL TERM (OCLC, RLIN)
Topical term or geographic name as entry element ENVIRONMENTAL AND LAND CONSULTANCY-GEOMATICS
856 40 - ELECTRONIC LOCATION AND ACCESS
Uniform Resource Identifier <a href="https://www.rics.org/site/download_feed.aspx?fileID=138">https://www.rics.org/site/download_feed.aspx?fileID=138</a>
Public note View the item free of charge at www.rics.org...
942 ## - ADDED ENTRY ELEMENTS (KOHA)
Suppress in OPAC 0
Holdings
Withdrawn status Lost status Source of classification or shelving scheme Damaged status Not for loan Home library Current library Shelving location Date acquired Total Checkouts Full call number Barcode Date last seen Copy number Price effective from Koha item type
    Dewey Decimal Classification     London London RICS Boxes 22/04/2008   2008/12 30072523 06/08/2019 1 06/08/2019 Archive
    Dewey Decimal Classification     London London RICS Boxes 22/04/2008   2008/12 30072522 06/08/2019 2 06/08/2019 Reference material
    Dewey Decimal Classification     London London RICS Boxes 22/04/2008   2008/12 30072521 06/08/2019 3 06/08/2019 Book
    Dewey Decimal Classification     Virtual Virtual Online 27/03/2008   ONLINE PUBLICATION 142970-1001 06/08/2019 1 06/08/2019 Book